LEADER 01628nam a2200313 a 4500 001 000000143930 003 CaOOAMICUS 005 20150609123215.0 008 150609m1989 it ka u000 u ita r 040 $aPUL$bita 082 04$a530.092 245 00$aRadici, significato, retaggio dell'opera newtoniana /$ca cura di Gino Tarozzi e Monique Van Vloten. 260 $aBologna :$bSocietą italiana di Fisica,$c1989. 300 $a423 p. :$bill., formulari ;$c21 cm 490 1 $aAlma Mater Studiorum Saecularia Nona 500 $aIn testa al front.: Accademia delle Scienze dell'Istituto di Bologna, Centro Interdipartimentale di ricerca in Epistemologia e Storia delle Scienze. Universitą di Bologna. Comune di Cesena. 500 $aNell'occhietto: Alla memoria di Antonio Pignedoli, linceo, fisico, matematico e filosofo naturale. 504 $aBibliografia in nota. 600 14$aNewton, Isaac,$cSir,$d1642-1727$xInflussi.$0(OLS)http://pul/subject/41839 700 1 $aTarozzi, Gino.$0(OLS)http://pul/name/92454 700 1 $aVloten, Monique van.$0(OLS)http://pul/name/92460 830 0$aAlma Mater Studiorum Saecularia Nona.$0(OLS)http://pul/title/182095 850 $aPUL 852 $aPUL$W1$xSL Cons. Gen., Altre Classi 3$y75$m530. 092 TARGI 1$j166003$qDDC 21$B166430$CPULBib$Z2$F166430 $H126061 $82 941 1 $a9 996 $6082$a530.092$9(OLS)http://pul/classification/2780 996 $6245$aRadici, significato, retaggio dell'opera newtoniana$9(OLS)http://pul/title/182094 996 $6260$aBologna :$bSocietą italiana di Fisica$9(OLS)http://pul/publisher/83494 LEADER 01378nam a2200301 a 4500 001 000000135835 003 CaOOAMICUS 005 20131018101908.0 008 131018s2013 vc u000 u ita r 020 $a978-88-465-0846-1 040 $aPUL$bita 082 04$a253 100 1 $aLuparia, Marco Ermes,$d1950-$0(OLS)http://pul/name/78222 245 10$aProfeti nell'ombra :$briflessioni sul discernimento vocazionale alla luce della riconoscenza /$cMarco Ermes Luparia. 260 $aCittą del Vaticano :$bLateran University Press,$c2013. 300 $a204 p. ;$c24 cm 500 $aSulla coperta: Presentazione di S. E. Mons. Marcello Semeraro. 504 $aBibliografia p. 199. 650 04$aVocazione.$0(OLS)http://pul/subject/7791 700 1 $aSemeraro, Marcello,$ccardinale,$d1947-$0(OLS)http://pul/name/17150 850 $aPUL 852 $aPUL$W1$xSL Religione 3$y85$m253 LUPMA 1$j156653$qDDC 21$B155993$CPULBib$Z2$F155993 $H123039 $82 941 1 $a9 996 $6020$a978-88-465-0846-1$9(OLS)http://pul/number/153739 996 $6082$a253$9(OLS)http://pul/classification/487 996 $6245$aProfeti nell'ombra :$briflessioni sul discernimento vocazionale alla luce della riconoscenza$9(OLS)http://pul/title/171721 996 $6260$aCittą del Vaticano :$bLateran University Press$9(OLS)http://pul/publisher/74585